[Event "VII. Berecz memorial A 2019"]
[Site "?"]
[Date "2020.01.05"]
[Round "7.3"]
[White "Samu, Gabor Jr."]
[Black "Szajbely, Zsigmond"]
[Result "1-0"]
[WhiteElo "2311"]
[BlackElo "2287"]
[PlyCount "105"]
[EventDate "2020.01.02"]

1. d4 Nf6 2. c4 c5 3. d5 b5 4. cxb5 a6 5. b6 d6 6. Nc3 Nbd7 7. Nf3 g6 8. e4 Bg7
9. Be2 O-O 10. O-O Nxb6 11. h3 e6 12. dxe6 Bxe6 13. Be3 Re8 14. Re1 Qb8 15. Bf4
Rd8 16. Rc1 Qb7 17. Ng5 d5 18. Nxe6 fxe6 19. Bg4 dxe4 20. Bxe6+ Kh8 21. Qe2 Re8
22. Bb3 Rac8 23. Na4 Nfd5 24. Bg3 Bd4 25. Nxb6 Nxb6 26. Qg4 Qc6 27. Rcd1 Nd7
28. Kh1 Nf6 29. Qg5 Nh5 30. Bh2 Qf6 31. Qxf6+ Nxf6 32. Re2 g5 33. Bc4 Rc6 34.
b4 Re7 35. g4 h5 36. gxh5 Kg7 37. bxc5 Bxc5 38. Bd5 Rb6 39. Bb3 Kh6 40. Rc2 Bb4
41. Bc7 Rb7 42. Bd8 Red7 43. Rxd7 Nxd7 44. Rc6+ Kh7 45. Bd5 Rb5 46. Bxe4+ Kg8
47. h6 Nf8 48. Rxa6 Bc3 49. Ra8 Bb4 50. Bf6 Kf7 51. Bd4 g4 52. hxg4 Rg5 53. f3
1-0

[Event "VII. Berecz memorial A 2019"]
[Site "?"]
[Date "2020.01.05"]
[Round "7.4"]
[White "Csizmadia, Laszlo"]
[Black "Papp, Bence"]
[Result "1/2-1/2"]
[WhiteElo "2346"]
[BlackElo "2140"]
[PlyCount "49"]
[EventDate "2020.01.02"]

1. d4 Nf6 2. c4 d6 3. Nc3 Bf5 4. f3 e5 5. d5 e4 6. Qd4 h5 7. Bg5 Be7 8. h4 O-O
9. fxe4 c5 10. Qd3 Bh7 11. Nf3 Nbd7 12. Nd2 Ne5 13. Qg3 Nfg4 14. Bxe7 Qxe7 15.
e3 Rae8 16. Be2 Bg6 17. O-O Nf6 18. Rf4 Neg4 19. Raf1 a6 20. Kh1 Qd8 21. Rc1
Re7 22. Bd3 Rfe8 23. Qe1 Qb6 24. b3 Qd8 25. Qg3 1/2-1/2

[Event "VII. Berecz memorial A 2019"]
[Site "?"]
[Date "2020.01.05"]
[Round "7.5"]
[White "Fekete, Albert"]
[Black "Kopasz, Robert"]
[Result "1/2-1/2"]
[WhiteElo "2169"]
[BlackElo "2337"]
[PlyCount "143"]
[EventDate "2020.01.02"]

1. d4 Nf6 2. Nf3 e6 3. Bg5 Be7 4. e3 b6 5. Nbd2 Bb7 6. Bd3 c5 7. c3 d6 8. O-O
Nbd7 9. Qe2 O-O 10. Rfd1 Re8 11. Rac1 Rc8 12. Bb1 Rc7 13. e4 cxd4 14. cxd4 Nf8
15. Bd3 Qb8 16. Nf1 Rec8 17. Ng3 Rxc1 18. Rxc1 Ng6 19. Rxc8+ Qxc8 20. Qc2 Qxc2
21. Bxc2 Kf8 22. h3 Nd7 23. Bd2 Nb8 24. Bd3 Nc6 25. Ne2 Ke8 26. g3 Nf8 27. Ne1
g6 28. Nc2 Nd7 29. b4 f5 30. f3 fxe4 31. fxe4 Nf6 32. Kf2 Kd7 33. a3 Bf8 34. g4
Bg7 35. g5 Ne8 36. b5 Nd8 37. h4 Nf7 38. Ng3 Bf8 39. a4 Nc7 40. Ne1 a6 41. Nf3
axb5 42. axb5 Ke8 43. Nh2 Bc8 44. Ne2 Bd7 45. Nc3 Be7 46. Kf3 Kf8 47. Ng4 Kg7
48. Be3 d5 49. e5 Bb4 50. Nf6 Bc8 51. Ne2 Be7 52. Bf4 Kh8 53. Kg4 Kg7 54. Ng3
Ba3 55. h5 Bb2 56. h6+ Kh8 57. Be3 Ba3 58. Ne2 Be7 59. Kh4 Bxf6 60. exf6 Bd7
61. Nf4 Kg8 62. Nxg6 hxg6 63. Bxg6 Be8 64. Kh5 Nh8 65. h7+ Kf8 66. Bxe8 Nxe8
67. Bf4 Kf7 68. Bb8 Ng6 69. Be5 Nh8 70. Kh6 Ng6 71. Kh5 Nh8 72. Kh6 1/2-1/2

[Event "VII. Berecz memorial A 2019"]
[Site "?"]
[Date "2020.01.05"]
[Round "7.6"]
[White "Balint, Richard"]
[Black "Dobai, Szabolcs"]
[Result "0-1"]
[WhiteElo "2041"]
[BlackElo "2185"]
[PlyCount "86"]
[EventDate "2020.01.02"]

1. e4 d6 2. f4 g6 3. Nf3 Bg7 4. d4 Nf6 5. e5 Nd5 6. c4 Nb6 7. Be3 dxe5 8. Nxe5
c5 9. Nc3 cxd4 10. Qxd4 O-O 11. O-O-O Qxd4 12. Bxd4 f6 13. Nf3 Nc6 14. c5 Nxd4
15. Nxd4 e5 16. cxb6 exd4 17. Bc4+ Kh8 18. Rxd4 axb6 19. Kb1 Bf5+ 20. Ka1 Ra5
21. Rhd1 h5 22. h3 h4 23. Rd8 Kh7 24. Rxf8 Bxf8 25. Rd8 Bh6 26. b4 Ra7 27. Nd5
Bg7 28. Re8 Bd7 29. Re7 f5+ 30. Kb1 Bc6 31. Kc2 b5 32. Bb3 Kh6 33. Rf7 Ra8 34.
Nc7 Rc8 35. Kd2 Bxg2 36. Ne6 Bc3+ 37. Kd3 Bxh3 38. Ng5 Bf1+ 39. Ke3 Bg7 40. Ne6
Bb2 41. Ng5 Bc1+ 42. Kf2 Bxf4 43. Ne6 Bc4 0-1

[Event "VII. Berecz memorial A 2019"]
[Site "?"]
[Date "2020.01.05"]
[Round "7.7"]
[White "Jojart, Zsolt"]
[Black "Miszler, Levente"]
[Result "0-1"]
[WhiteElo "1672"]
[BlackElo "2180"]
[PlyCount "64"]
[EventDate "2020.01.02"]

1. d4 Nf6 2. Bf4 g6 3. Nd2 d5 4. Ngf3 Bg7 5. e3 O-O 6. Bd3 b6 7. Qe2 Bb7 8. h3
c5 9. c3 Nc6 10. O-O Nd7 11. e4 dxe4 12. Bxe4 cxd4 13. cxd4 Nxd4 14. Nxd4 Bxe4
15. Nxe4 Bxd4 16. Rfd1 e5 17. Be3 Nc5 18. Bh6 Nxe4 19. Qxe4 Re8 20. Be3 Rc8 21.
Rxd4 exd4 22. Qxd4 Qxd4 23. Bxd4 Red8 24. Bc3 a5 25. Re1 Re8 26. Re3 Rxe3 27.
fxe3 f5 28. Kf2 Kf7 29. Ke2 b5 30. Kd3 b4 31. Bd4 Ke6 32. g3 Kd5 0-1

[Event "VII. Berecz memorial A 2019"]
[Site "?"]
[Date "2020.01.05"]
[Round "7.8"]
[White "Papp, Balazs"]
[Black "Tubak, Daniel"]
[Result "0-1"]
[WhiteElo "2102"]
[BlackElo "2231"]
[PlyCount "80"]
[EventDate "2020.01.02"]

1. Nf3 Nf6 2. g3 g6 3. b3 Bg7 4. Bb2 O-O 5. Bg2 c5 6. c4 Nc6 7. Nc3 d6 8. d4
cxd4 9. Nxd4 Bd7 10. O-O a6 11. Nd5 Nxd4 12. Qxd4 Bc6 13. Rfd1 Rc8 14. Bh3 Rb8
15. Rac1 b5 16. Qh4 Nxd5 17. Bxg7 Kxg7 18. cxd5 Bd7 19. Rc2 Bxh3 20. Qxh3 Rc8
21. Rdc1 Rxc2 22. Rxc2 Qa8 23. Rc6 Qb7 24. Qg4 Kg8 25. Qe4 Rd8 26. h4 Kf8 27.
Qd4 f6 28. Qg4 a5 29. h5 Kg7 30. Qf4 Rc8 31. Qe4 Rc7 32. Qc2 Rxc6 33. dxc6 Qc7
34. Qe4 Kf8 35. Qd5 Qb6 36. a4 bxa4 37. bxa4 Qc7 38. h6 Qb6 39. Qb5 Qxb5 40.
axb5 Ke8 0-1

[Event "VII. Berecz memorial A 2019"]
[Site "?"]
[Date "2020.01.05"]
[Round "7.9"]
[White "Koszta, Benedek"]
[Black "Papp Z., Csaba"]
[Result "1-0"]
[WhiteElo "2096"]
[BlackElo "2151"]
[PlyCount "71"]
[EventDate "2020.01.02"]

1. e4 e5 2. Nf3 Nc6 3. c3 Nf6 4. d4 Nxe4 5. d5 Ne7 6. Nxe5 Ng6 7. Nxg6 hxg6 8.
Bd3 Nf6 9. O-O Bc5 10. Re1+ Kf8 11. Bg5 Rh5 12. Bxf6 gxf6 13. Qf3 b5 14. Nd2
Bb7 15. Be4 d6 16. Nb3 Bb6 17. Rad1 Kg7 18. Nd4 Bxd4 19. Rxd4 Qe7 20. Re3 Re5
21. Bd3 a6 22. Rh4 Rh8 23. Rxh8 Kxh8 24. h4 Kg7 25. c4 bxc4 26. Bxc4 Rxe3 27.
Qxe3 Qxe3 28. fxe3 f5 29. b4 Kf6 30. Kf2 Ke5 31. a4 a5 32. bxa5 Bxd5 33. Bxd5
Kxd5 34. e4+ fxe4 35. a6 Kc6 36. g4 1-0

[Event "VII. Berecz memorial A 2019"]
[Site "?"]
[Date "2020.01.05"]
[Round "7.11"]
[White "Bilku, Andras"]
[Black "Toth, Nikoletta"]
[Result "0-1"]
[WhiteElo "1998"]
[BlackElo "2003"]
[PlyCount "52"]
[EventDate "2020.01.02"]

1. d4 d5 2. c4 e6 3. Nc3 Be7 4. cxd5 exd5 5. Qc2 Nf6 6. e3 O-O 7. Bd3 Re8 8.
Nge2 Bf8 9. O-O g6 10. Bd2 c6 11. Ng3 Bg7 12. Nce2 Nbd7 13. Rad1 Nf8 14. Bc3 h5
15. Rfe1 Bh6 16. Bb4 N8h7 17. Bd2 h4 18. Nf1 Kg7 19. f3 h3 20. g3 Ng5 21. Kf2
Bg4 22. Ng1 Bxf3 23. Nxf3 Ng4+ 24. Ke2 Qf6 25. Bf5 Nxf3 26. Bxg4 Nxd4+ 0-1

[Event "VII. Berecz memorial A 2019"]
[Site "?"]
[Date "2020.01.05"]
[Round "7.12"]
[White "Fekete, Agnes"]
[Black "Bernath, Robert"]
[Result "1/2-1/2"]
[WhiteElo "1891"]
[BlackElo "2035"]
[PlyCount "44"]
[EventDate "2020.01.02"]

1. d4 Nf6 2. Nf3 g6 3. Bg5 Bg7 4. e3 O-O 5. Be2 d6 6. O-O Nbd7 7. c4 c5 8. Nc3
a6 9. Rb1 Re8 10. b4 b6 11. a4 Qc7 12. Qb3 Rb8 13. Qa3 Bb7 14. a5 cxb4 15. axb6
Nxb6 16. Rxb4 Nfd7 17. Rfb1 a5 18. Rb5 Bxf3 19. gxf3 Nxc4 20. Bxc4 Qxc4 21.
Rxb8 Nxb8 22. Qxa5 Nc6 1/2-1/2

[Event "VII. Berecz memorial A 2019"]
[Site "?"]
[Date "2020.01.05"]
[Round "7.13"]
[White "Tapodi, Norman Lajos"]
[Black "Farkas, Sandor"]
[Result "1-0"]
[WhiteElo "2033"]
[BlackElo "1898"]
[PlyCount "87"]
[EventDate "2020.01.02"]

1. d4 e6 2. c4 b6 3. Nc3 Bb4 4. Qc2 Bb7 5. e4 Bxc3+ 6. bxc3 Ne7 7. f4 f5 8. e5
Ng6 9. Nf3 Nc6 10. Bd3 Na5 11. O-O O-O 12. d5 Ba6 13. Qe2 Nb7 14. Be3 Qe7 15.
Kh1 Rfe8 16. g4 Rf8 17. gxf5 exf5 18. Nd4 Na5 19. Rg1 c6 20. d6 Qf7 21. Rg5
Bxc4 22. Bxc4 Nxc4 23. e6 dxe6 24. Qxc4 Rfe8 25. Nf3 Qb7 26. Rxg6 hxg6 27. Ne5
c5+ 28. Kg1 Kh7 29. Kf2 Rad8 30. Rd1 Rd7 31. a4 g5 32. Nxd7 Qxd7 33. Qb5 Qf7
34. d7 Rd8 35. Qe2 g4 36. Qd3 Qh5 37. Kg1 Qh3 38. Bf2 Qh6 39. Qg3 Qf6 40. Qh4+
Kg8 41. Qh5 g5 42. Qxg5+ Qxg5 43. fxg5 Kf7 44. g6+ 1-0

[Event "VII. Berecz memorial A 2019"]
[Site "?"]
[Date "2020.01.05"]
[Round "7.14"]
[White "Helenyi, Zoltan"]
[Black "Torok, Csaba"]
[Result "1/2-1/2"]
[WhiteElo "1991"]
[BlackElo "1719"]
[PlyCount "100"]
[EventDate "2020.01.02"]

1. c4 Nf6 2. Nc3 g6 3. Nf3 Bg7 4. g3 O-O 5. Bg2 d6 6. d4 Nbd7 7. O-O e5 8. b3
c6 9. Ba3 e4 10. Nd2 e3 11. fxe3 Ng4 12. Qc1 Nxe3 13. Re1 Bxd4 14. Nf3 Qf6 15.
Ne4 Qe7 16. Nxd6 Nxg2+ 17. Kxg2 Bxa1 18. Qxa1 c5 19. Nb5 Nf6 20. Bb2 Nh5 21.
Be5 Bf5 22. Bd6 Qe3 23. Nc7 Be4 24. Qe5 Rfd8 25. Nxa8 Bxf3+ 26. exf3 Qd2+ 27.
Re2 Qxd6 28. Qxd6 Rxd6 29. Nc7 b6 30. Nd5 Kf8 31. Kf2 Nf6 32. Nc7 Rd7 33. Nb5
h5 34. Re1 a6 35. Nc3 Re7 36. Na4 Nd7 37. Rxe7 Kxe7 38. Ke2 Ke6 39. Ke3 Ke5 40.
Nb2 Ke6 41. Nd3 b5 42. cxb5 axb5 43. a4 bxa4 44. bxa4 Nb6 45. Nxc5+ Kd5 46. Ne4
Nxa4 47. Ng5 f6 48. Nh7 Ke6 49. Nf8+ Kf7 50. Nd7 Ke7 1/2-1/2

[Event "VII. Berecz memorial A 2019"]
[Site "?"]
[Date "2020.01.05"]
[Round "7.15"]
[White "Megyaszai, Balazs"]
[Black "Markus, Molli Amina"]
[Result "1-0"]
[WhiteElo "1904"]
[BlackElo "1669"]
[PlyCount "101"]
[EventDate "2020.01.02"]

1. e4 c5 2. Nf3 Nc6 3. d4 cxd4 4. Nxd4 e6 5. Nc3 Qc7 6. Be3 a6 7. Qf3 Ne5 8.
Qg3 h5 9. h4 b5 10. a3 d6 11. Be2 Nc4 12. Bxc4 Qxc4 13. O-O-O Nf6 14. Bg5 Nd7
15. Nb3 f6 16. Bf4 Ne5 17. Bxe5 dxe5 18. Qg6+ Ke7 19. Rd3 Ra7 20. Rhd1 Rd7 21.
Qg3 Rg8 22. Qe3 Qc7 23. g3 g6 24. Kb1 Ke8 25. Qf3 Ke7 26. Qe3 Ke8 27. Ne2 Rgg7
28. f4 Rh7 29. Qf3 Bb7 30. Nc3 Rhf7 31. Qf2 Rxd3 32. Rxd3 Rd7 33. Rf3 Be7 34.
Qe3 Bf8 35. Rf1 Ba8 36. Ka2 Bb7 37. Qf3 Be7 38. Qe2 Ba8 39. f5 exf5 40. exf5
Kf7 41. fxg6+ Kxg6 42. g4 hxg4 43. Qxg4+ Kf7 44. h5 Rd8 45. Rg1 Ke8 46. h6 Qc4
47. h7 Qxg4 48. h8=Q+ Kd7 49. Qxd8+ Kxd8 50. Rxg4 Bf3 51. Rg3 1-0

[Event "VII. Berecz memorial A 2019"]
[Site "?"]
[Date "2020.01.05"]
[Round "7.16"]
[White "Matyassy, Lazar"]
[Black "Szilassi, Abel"]
[Result "1/2-1/2"]
[WhiteElo "1822"]
[BlackElo "2021"]
[PlyCount "53"]
[EventDate "2020.01.02"]

1. e4 g6 2. d4 Bg7 3. Nf3 d6 4. Nc3 Nf6 5. Be2 O-O 6. O-O a6 7. a4 Nbd7 8. h3
c5 9. Be3 b6 10. e5 Ne8 11. dxc5 dxc5 12. e6 fxe6 13. Ng5 Nc7 14. Nxe6 Nxe6 15.
Qd5 Rb8 16. Qxe6+ Kh8 17. Qd5 Bb7 18. Qd2 Qc7 19. Bh6 Qd6 20. Bxg7+ Kxg7 21.
Qg5 Qf6 22. Qxf6+ exf6 23. Rad1 Ne5 24. f4 Nc6 25. Rd7+ Rf7 26. Rxf7+ Kxf7 27.
Bc4+ 1/2-1/2

[Event "VII. Berecz memorial A 2019"]
[Site "?"]
[Date "2020.01.05"]
[Round "7.17"]
[White "Nagy, Gabor"]
[Black "Retkes, Sandor"]
[Result "1-0"]
[WhiteElo "1854"]
[BlackElo "1925"]
[PlyCount "93"]
[EventDate "2020.01.02"]

1. e4 g6 2. d4 Bg7 3. c4 d6 4. Nf3 Nd7 5. Nc3 Ngf6 6. Be2 O-O 7. O-O c6 8. Rb1
a6 9. b4 a5 10. a3 Qc7 11. Re1 Rd8 12. Qb3 b6 13. Bf1 e5 14. h3 h6 15. Be3 Ne8
16. Na4 Rb8 17. Qc2 Ba6 18. c5 Bxf1 19. cxb6 Nxb6 20. Nxb6 Bxg2 21. Kxg2 exd4
22. Nxd4 Rxb6 23. Nb3 Rbb8 24. Nxa5 c5 25. Rec1 Bf8 26. Qd2 Qe7 27. f3 Rbc8 28.
b5 Rd7 29. b6 Rb7 30. Nxb7 Qxb7 31. a4 Ra8 32. a5 Nf6 33. Ra1 d5 34. exd5 Nxd5
35. Bxc5 Bxc5 36. Rxc5 Nxb6 37. Qb4 Ra6 38. Rb1 Qe7 39. Qb5 Nd7 40. Rc8+ Kh7
41. Qxa6 Qg5+ 42. Kh1 Qf5 43. Qf1 Nf6 44. Rcb8 Nh5 45. R8b5 Ng3+ 46. Kg2 Qf4
47. Qf2 1-0

[Event "VII. Berecz memorial A 2019"]
[Site "?"]
[Date "2020.01.05"]
[Round "7.18"]
[White "Toth, Sandor Sr."]
[Black "Hajdu, Istvan"]
[Result "0-1"]
[WhiteElo "1745"]
[BlackElo "1863"]
[PlyCount "98"]
[EventDate "2020.01.02"]

1. d4 d5 2. c4 e6 3. Nc3 Nf6 4. Nf3 Be7 5. h3 O-O 6. Bf4 a6 7. e3 Nbd7 8. Bd3
dxc4 9. Bxc4 b5 10. Bd3 c5 11. dxc5 Nxc5 12. Be2 Qa5 13. O-O b4 14. Nb1 Rd8 15.
Nbd2 Nce4 16. Qc1 Nxd2 17. Nxd2 Nd5 18. Bh2 Qc5 19. Qb1 Bd6 20. Bxd6 Qxd6 21.
Nc4 Qe7 22. Bf3 Ra7 23. Ne5 Rc7 24. Rd1 f6 25. Nd3 Bb7 26. Ne1 Rdc8 27. Qd3 a5
28. Qd2 Rc5 29. Rac1 Qc7 30. Rxc5 Qxc5 31. Be4 f5 32. Bb1 Qc6 33. Nf3 Nf6 34.
Qe1 h6 35. Qf1 Qb6 36. Nd4 Ne4 37. f3 Nc5 38. Qf2 Qd8 39. Bc2 Qf6 40. Bb1 g6
41. Qe2 Ba6 42. Qf2 e5 43. Ne2 Rd8 44. Qe1 Rd6 45. Bc2 Qd8 46. Rxd6 Qxd6 47.
Qd1 Qxd1+ 48. Bxd1 Nd3 49. b3 Nb2 0-1

[Event "VII. Berecz memorial A 2019"]
[Site "?"]
[Date "2020.01.05"]
[Round "7.19"]
[White "Balog, Imre"]
[Black "Kardos, Levente"]
[Result "1-0"]
[WhiteElo "1854"]
[BlackElo "1699"]
[PlyCount "87"]
[EventDate "2020.01.02"]

1. d4 Nf6 2. Nf3 g6 3. g3 Bg7 4. Bg2 d6 5. c4 O-O 6. O-O c5 7. Nc3 a6 8. a3
Nbd7 9. Qc2 Qc7 10. Bg5 Rb8 11. Bxf6 Nxf6 12. Nd5 Nxd5 13. cxd5 b6 14. Rac1 Bb7
15. e4 Rfc8 16. Bh3 Rd8 17. dxc5 bxc5 18. b4 Bh6 19. Rb1 Bc8 20. Bg2 Bd7 21.
Rfe1 Rdc8 22. bxc5 Qxc5 23. Qxc5 dxc5 24. Ne5 Rxb1 25. Rxb1 Bb5 26. Bf1 Bxf1
27. Kxf1 c4 28. Nc6 Kf8 29. Rb4 c3 30. Rc4 Bd2 31. Ke2 e6 32. Kd3 Be1 33. f3
Rc7 34. Kd4 Rb7 35. d6 Rb2 36. Ne5 Rb6 37. Rc8+ Kg7 38. d7 Rd6+ 39. Kc5 Rd1 40.
d8=Q Rxd8 41. Rxd8 c2 42. Nd3 Bf2+ 43. Kc4 Be3 44. Ra8 1-0

[Event "VII. Berecz memorial A 2019"]
[Site "?"]
[Date "2020.01.05"]
[Round "7.20"]
[White "Nagy, Lajos"]
[Black "Divald, Tamas"]
[Result "0-1"]
[WhiteElo "1765"]
[BlackElo "2087"]
[PlyCount "58"]
[EventDate "2020.01.02"]

1. e4 e6 2. d4 d5 3. Nc3 Nf6 4. Bg5 Be7 5. e5 Nfd7 6. h4 h6 7. Be3 c5 8. Nf3
Nc6 9. Bb5 cxd4 10. Bxd4 a6 11. Bxc6 bxc6 12. Be3 c5 13. Bf4 Qb6 14. b3 Bb7 15.
O-O Qb4 16. Ne2 g5 17. Bd2 Qg4 18. hxg5 hxg5 19. Ng3 d4 20. Re1 Nf8 21. Nxg5
Qh4 22. Nf3 Qg4 23. Rc1 Ng6 24. Ng5 Qh4 25. Nf3 Qg4 26. Ng5 Qh4 27. Nh3 Qh7 28.
Qe2 Nh4 29. Qd3 Qxd3 0-1

[Event "VII. Berecz memorial A 2019"]
[Site "?"]
[Date "2020.01.05"]
[Round "7.21"]
[White "Kocsmar, Akos"]
[Black "Bacsi, Kristof"]
[Result "1/2-1/2"]
[WhiteElo "1941"]
[BlackElo "1777"]
[PlyCount "97"]
[EventDate "2020.01.02"]

1. d4 d5 2. c4 dxc4 3. e4 Nf6 4. e5 Nd5 5. Bxc4 e6 6. Nc3 Be7 7. Qg4 Kf8 8. Nf3
c5 9. dxc5 Nxc3 10. bxc3 Bxc5 11. O-O Nc6 12. Bg5 Be7 13. Rad1 Qc7 14. Bxe7+
Qxe7 15. Qf4 h6 16. Rd6 Kg8 17. Rfd1 Kh7 18. Bb5 Rf8 19. Bxc6 bxc6 20. Nd4 Bb7
21. Nb3 Rab8 22. Nc5 Bc8 23. Qe4+ Kh8 24. Qxc6 Rb6 25. Qf3 Qc7 26. Qe3 Rb5 27.
Nb3 Kg8 28. R1d4 Rb6 29. h3 Rc6 30. Rxc6 Qxc6 31. Rg4 Qd5 32. c4 Qd7 33. c5 Ba6
34. Kh2 Qd1 35. Rh4 Qf1 36. Rd4 Bb7 37. f3 Bd5 38. Qd3 Qf2 39. Qd2 Qf1 40. Qc3
Rc8 41. Rd2 Qb5 42. Rc2 a6 43. Nd4 Qd7 44. Kg1 Qa7 45. Kf2 Bc6 46. Ke3 Qe7 47.
f4 Qh4 48. Nf3 Qg3 49. Qe1 1/2-1/2

[Event "VII. Berecz memorial A 2019"]
[Site "?"]
[Date "2020.01.05"]
[Round "7.22"]
[White "Panda, Barnabas"]
[Black "Pluhar, Andras"]
[Result "1/2-1/2"]
[WhiteElo "1728"]
[BlackElo "1878"]
[PlyCount "183"]
[EventDate "2020.01.02"]

1. d4 Nf6 2. c4 e6 3. Nc3 Bb4 4. e3 b6 5. Bd3 Bb7 6. Nf3 O-O 7. O-O Bxc3 8.
bxc3 d6 9. Nd2 Nbd7 10. e4 e5 11. f3 Qe7 12. Nb3 Rfd8 13. Be3 c5 14. a4 Nf8 15.
a5 Ng6 16. axb6 axb6 17. Qd2 Nh5 18. Rxa8 Rxa8 19. Ra1 Rxa1+ 20. Nxa1 Nhf4 21.
Bf1 Bc8 22. Qa2 Qb7 23. Nb3 f5 24. g3 Nh5 25. Bd3 f4 26. Bf2 Nf6 27. Nd2 h6 28.
Nb1 Nh7 29. Be1 Ng5 30. Kf2 Kh7 31. Qb2 h5 32. h4 fxg3+ 33. Kxg3 Nf4 34. Qd2
Nge6 35. dxe5 dxe5 36. Na3 Qe7 37. Bf1 g5 38. Kh2 gxh4 39. Qf2 Ng5 40. Kh1 Ng6
41. Qe3 Qf6 42. Be2 Nh3 43. Bd2 Nhf4 44. Bf1 Qg5 45. Qg1 Qf6 46. Qe3 h3 47. Qf2
Nh4 48. Nb5 Bd7 49. Nc7 Nfg6 50. Nd5 Qf8 51. Nxb6 Bg4 52. Nd5 Bxf3+ 53. Kh2 Bg4
54. Qxf8 Nxf8 55. Kg3 h2 56. Bg2 Bf3 57. Bh1 Bxh1 58. Kxh2 Bxe4 59. Nf6+ Kg6
60. Nxe4 Nf3+ 61. Kg3 Nxd2 62. Nxd2 Ne6 63. Ne4 Kh6 64. Kh4 Kg6 65. Kg3 Nf4 66.
Nxc5 Ne2+ 67. Kf2 Nxc3 68. Nd3 Kf5 69. c5 e4 70. c6 Nd5 71. Nb4 Nc7 72. Kg3 Kg5
73. Nc2 h4+ 74. Kh3 Nd5 75. Ne3 Nf4+ 76. Kh2 Ne6 77. Nd5 Kf5 78. Kh3 Ke5 79.
Ne3 Kd6 80. Kxh4 Kxc6 81. Kg4 Kc5 82. Ng2 Kd4 83. Kf5 Nc5 84. Kf4 Nd3+ 85. Kg3
Nc5 86. Kf4 Kd3 87. Kg3 Ke2 88. Nf4+ Kf1 89. Nd5 Nd3 90. Nc3 e3 91. Kf3 e2 92.
Nxe2 1/2-1/2

[Event "VII. Berecz memorial A 2019"]
[Site "?"]
[Date "2020.01.05"]
[Round "7.23"]
[White "Varga, Gabor"]
[Black "Arato, Daniel"]
[Result "1-0"]
[WhiteElo "1853"]
[BlackElo "1706"]
[PlyCount "121"]
[EventDate "2020.01.02"]

1. e4 c5 2. Nf3 e6 3. d4 cxd4 4. Nxd4 a6 5. Nc3 Qc7 6. a3 Nf6 7. f3 Nc6 8. Be3
Be7 9. Qd2 O-O 10. O-O-O d5 11. exd5 Nxd5 12. Nxd5 exd5 13. Bd3 Bf6 14. Nb3 Ne5
15. h4 Nxd3+ 16. Qxd3 g6 17. g4 h5 18. Rdg1 Bg7 19. Nd4 Re8 20. gxh5 Qe5 21.
Bf2 Qxh5 22. Kb1 Be6 23. Rg5 Qh8 24. h5 Rac8 25. Rgg1 gxh5 26. Nxe6 Rxe6 27.
Qxd5 Qh7 28. Bd4 Qxc2+ 29. Ka1 Rg6 30. Rxg6 Qxg6 31. Rg1 Qxg1+ 32. Bxg1 Rc1+
33. Ka2 Rxg1 34. b4 b5 35. Qa8+ Kh7 36. Qxa6 Rg2+ 37. Kb1 Rg5 38. Qc6 Bh6 39.
a4 Rg1+ 40. Ka2 bxa4 41. b5 Bg7 42. Ka3 Ra1+ 43. Kb4 a3 44. Qe4+ Kh6 45. b6 a2
46. Kb3 f5 47. Qc6+ Kg5 48. Qc7 Bf6 49. b7 Rb1+ 50. Kxa2 Ra1+ 51. Kb3 Rb1+ 52.
Kc2 Rb2+ 53. Kc1 h4 54. b8=Q Rxb8 55. Qxb8 Bd4 56. Qd8+ Bf6 57. f4+ Kg6 58.
Qg8+ Bg7 59. Qe6+ Bf6 60. Kd2 Kg7 61. Qxf5 1-0

[Event "VII. Berecz memorial A 2019"]
[Site "?"]
[Date "2020.01.05"]
[Round "7.24"]
[White "Lakatos, Alfred"]
[Black "Tornyai, Jeno"]
[Result "0-1"]
[WhiteElo "1573"]
[BlackElo "1781"]
[PlyCount "92"]
[EventDate "2020.01.02"]

1. c4 e6 2. d4 d5 3. e3 Nf6 4. Nc3 Nbd7 5. Nf3 c6 6. c5 b6 7. b4 a5 8. Qa4 b5
9. Nxb5 cxb5 10. Bxb5 Ba6 11. Bxa6 Rxa6 12. b5 Ra8 13. O-O Bxc5 14. dxc5 Nxc5
15. Qd4 Qb6 16. Ba3 Ncd7 17. Rab1 Qxd4 18. Nxd4 Nb6 19. Rfc1 Nc4 20. Rxc4 dxc4
21. b6 Kd7 22. f3 Nd5 23. e4 e5 24. Nb5 Nxb6 25. Nd6 Rab8 26. Nxf7 Rhe8 27. Rb5
Ke6 28. Nxe5 Na4 29. Rxa5 c3 30. Rxa4 Kxe5 31. f4+ Kxf4 32. Bd6+ Ke3 33. Bc5+
Ke2 34. h3 c2 35. Ba3 Ra8 36. Rxa8 Rxa8 37. Bc1 Rxa2 38. Kh2 Ra1 39. Bf4 c1=Q
40. Bxc1 Rxc1 41. e5 Kf2 42. h4 Rg1 43. h5 Rxg2+ 44. Kh3 Rg5 45. h6 gxh6 46. e6
Kf3 0-1

[Event "VII. Berecz memorial A 2019"]
[Site "?"]
[Date "2020.01.05"]
[Round "7.25"]
[White "Panda, Gyorgy"]
[Black "Kapicakova, Lucia"]
[Result "1-0"]
[WhiteElo "1790"]
[BlackElo "1601"]
[PlyCount "65"]
[EventDate "2020.01.02"]

1. d4 Nf6 2. c4 g6 3. Nc3 Bg7 4. e4 d6 5. Be2 O-O 6. Nf3 e5 7. Be3 Nbd7 8. O-O
exd4 9. Bxd4 Re8 10. Qc2 Qe7 11. Rfe1 Nh5 12. Nd5 Qd8 13. Bxg7 Nxg7 14. Rad1
Nf6 15. e5 Nxd5 16. Rxd5 Be6 17. Rdd1 Qe7 18. exd6 cxd6 19. Bd3 Rac8 20. b3 Qc7
21. Nd4 f5 22. Qd2 Qc5 23. Be2 Bf7 24. Bf3 d5 25. cxd5 Bxd5 26. Rxe8+ Rxe8 27.
Rc1 Qd6 28. Nb5 Qe7 29. Qxd5+ Kh8 30. g3 Qe5 31. Nd6 Qxd5 32. Bxd5 Re7 33. Rc8+
1-0